Central Library OPAC University of Rajshahi

বাংলাদেশের মুক্তিযুদ্ধে বিদেশীদের ভূমিকা / (Record no. 76168)

MARC details
000 -LEADER
fixed length control field 00859nam a22002177a 4500
001 - CONTROL NUMBER
control field 76168
003 - CONTROL NUMBER IDENTIFIER
rucl marc code BD-RjUL
005 - DATE AND TIME OF LATEST TRANSACTION
control field 20211209082813.0
008 - FIXED-LENGTH DATA ELEMENTS--GENERAL INFORMATION
fixed length control field 191105r20191999 ||||| |||| 00| 0 ben d
020 ## - INTERNATIONAL STANDARD BOOK NUMBER
International Standard Book Number 9844101433
035 ## - SYSTEM CONTROL NUMBER
System control number (BD-RjUL)76389
040 ## - CATALOGING SOURCE
Original cataloging agency BD-RjUL
Language of cataloging eng
Transcribing agency BD-RjUL
041 ## - LANGUAGE CODE
Language code of text/sound track or separate title eng
082 ## - DEWEY DECIMAL CLASSIFICATION NUMBER
Edition number 23
Classification number 954.9205
Author mark and year BAN 2017
245 ## - TITLE STATEMENT
Title বাংলাদেশের মুক্তিযুদ্ধে বিদেশীদের ভূমিকা /
Statement of responsibility, etc. সোহরাব হাসান, সম্পাদিত
260 ## - PUBLICATION, DISTRIBUTION, ETC. (IMPRINT)
Place of publication, distribution, etc. ঢাকা :
Name of publisher, distributor, etc. মাওলা ব্রাদার্স,
Date of publication, distribution, etc. ১৯৯৯ [মুদ্রণ ২০১৭]
300 ## - PHYSICAL DESCRIPTION
Pagination ২৪৪ পৃ. ;
Size ২২ সেমি.
651 ## - SUBJECT ADDED ENTRY--GEOGRAPHIC NAME
Geographic name Bangladesh
General subdivision History
Chronological subdivision Revolution, 1971.
9 (RLIN) 234546
700 ## - ADDED ENTRY--PERSONAL NAME
Personal name হাসান, সোহরাব
942 ## - ADDED ENTRY ELEMENTS (KOHA)
Source of classification or shelving scheme Dewey Decimal Classification
Koha item type Books
Holdings
Lost status Source of classification or shelving scheme Damaged status Not for loan Permanent Location Current Location Shelving location Date acquired Source of acquisition Cost, normal purchase price Total Checkouts Full call number Date last seen Copy number Koha item type
  Dewey Decimal Classification   Not For Loan Central Library, University of Rajshahi Central Library, University of Rajshahi Reading Room 29/10/2019 Vidyasagar, Rajshahi 300.00   B 954.9205 BAN 2017 05/11/2019 C-1 Books